| 000 | 00544nam a22001457a 4500 | ||
|---|---|---|---|
| 008 | 230801b |||||||| |||| 00| 0 eng d | ||
| 040 |
_aNational Science Library _cNational Science Library |
||
| 080 |
_aR 016:614.7:5.28.7 _bL1 |
||
| 100 | 1 |
_aBrooks, Paul Dennis _912881 |
|
| 245 |
_aAnnotated bibliography of remote sensing of air and water pollution _c/ Army Topographic Command Washington, D.C September 1971 |
||
| 260 |
_aWashington: _bUS Department of Commerce, _c1971 |
||
| 300 | _a21p. | ||
| 700 | _aThomson, George W | ||
| 942 |
_2udc _cREF |
||
| 999 |
_c56535 _d56535 |
||